LEADER 01581nam a2200313 i 4500 001 000000215840 003 CaOOAMICUS 005 20230202141836.0 008 120919s2012 gw u000 u ger u 013 $a194715 020 $a978-3-525-53546-2 020 $ae-978-3-647-53546-3 040 $aSeMil$bita 100 1 $aWöhrle, Jakob,$d<1975- >.$0(OLS)http://semarc/name/45006 245 10$aFremdlinge im eigenen Land :$bzur Entstehung und Intention der priesterlichen Passagen der Vätergeschichte /$cJakob Wöhrle. 260 $aGöttingen :$bVandenhoeck & Ruprecht,$c2012. 300 $a245 p. :$btab. ;$c24 cm. 490 0 $aForschungen zur Religion und Literatur des Alten und Neuen Testaments ;$v246 650 4$aBibbia - AT - Servizio sacerdotale.$0(OLS)http://semarc/subject/29396 650 4$aBibbia - AT - Patriarchi.$0(OLS)http://semarc/subject/20942 830 0$aForschungen zur Religion und Literatur des Alten und Neuen Testaments ;$v246.$0(OLS)http://semarc/title/298 850 $aSeMil 852 $aSeMil$W1$xVenegono$y1$m2XA S 246$j253875$B166260$CSeMilBibl$Z2$F177171 $81 961 $aSottoscrizione: Vandenhoeck & Ruprecht 996 $6020$a978-3-525-53546-2$9(OLS)http://semarc/number/212585 996 $6020$ae-978-3-647-53546-3$9(OLS)http://semarc/number/212586 996 $6245$aFremdlinge im eigenen Land :$bzur Entstehung und Intention der priesterlichen Passagen der Vätergeschichte$9(OLS)http://semarc/title/310600 996 $6260$aGöttingen :$bVandenhoeck & Ruprecht$9(OLS)http://semarc/publisher/29697 LEADER 01330nam a2200265 4500 001 000000356067 003 CaOOAMICUS 005 20231115082633.0 008 231110s1990 xxk 000 u eng r 020 $a0-8122-1420-X 040 $aSeMil$bita 100 1 $aMatter, Edith Ann,$d<1947- >.$0(OLS)http://semarc/name/44427 245 14$aThe voice of my beloved :$bthe Song of the songs in Western medieval Christianity /$cE. Ann Matter. 264 1$aPhiladelphia :$bUniversity of Pennsylvania Press,$c1990. 300 $aXXXV, 227 p. ;$c23 cm 490 1 $aMiddle Ages series 650 4$aBibbia. Antico Testamento. Cantico dei Cantici - Commentari, studi, critica, interpretazioni.$0(OLS)http://semarc/subject/5490 830 0$aMiddle Ages series.$0(OLS)http://semarc/title/446295 850 $aSeMil 852 $aSeMil$W1$xVenegono$y1$m2V IV 266$j244493$B247245$CSeMilBibl$Z2$F247245 $81 961 $aBiblioteca FTIS (Facoltà Teologica dell'Italia Settentrionale) ? Omaggio 996 $6020$a0-8122-1420-X$9(OLS)http://semarc/number/299257 996 $6245$aThe voice of my beloved :$bthe Song of the songs in Western medieval Christianity$9(OLS)http://semarc/title/446294 996 $6264$aPhiladelphia :$bUniversity of Pennsylvania Press$9(OLS)http://semarc/publisher/60144